000 00312nam a22001337a 4500
008 171013b xxu||||| |||| 00| 0 eng d
020 _a9780023545375
041 _aeng
080 _a316
100 _a51
101 _aSOC
245 _aKNOWIND AND SERVING DIVERSE FAMILIES
_cGRAY.M.M
942 _2udc
_cBK
999 _c33652
_d33652